10 principales países afectados por Covid19 - 26 de abril - Estadísticas

Estadísticas generales
  • Esta prueba ha sido intentada 6 veces
  • La puntuación promedio es 9 de 16
Estadísticas de respuestas
país % Correcto
China
100%
España
100%
Estados Unidos
100%
Italia
100%
Alemania
80%
Francia
80%
Reino Unido
80%
Irlanda
60%
Rusia
60%
Bélgica
40%
Irán
40%
Portugal
40%
Suiza
40%
Turquía
20%
Catar
0%
Singapur
0%
No se encontraron pruebas coincidentes
Distribución de puntuación
Porcentaje de gente con cada puntuación
Porcentaje por número respondido
Historial de tus puntuaciones
No has intentado esta prueba.